[Event "SWE-chT2 0708"]
[Site "Sweden"]
[Date "2007.11.17"]
[Round "3"]
[White "Berggren, Patrik"]
[Black "Bjelvenmark, Per"]
[Result "1/2-1/2"]
[WhiteElo "1955"]
[BlackElo "1973"]
[PlyCount "105"]
[EventDate "2007.10.20"]
[EventType "team"]
[EventRounds "9"]
[EventCountry "SWE"]
[SourceTitle "EXT 2009"]
[Source "ChessBase"]
[SourceDate "2008.11.26"]
[SourceVersion "1"]
[SourceVersionDate "2008.11.26"]
[SourceQuality "1"]
[WhiteTeam "Stockholm Rockaden II"]
[BlackTeam "Upsala II"]
[WhiteTeamCountry "SWE"]
[BlackTeamCountry "SWE"]

1. e4 d5 2. exd5 Qxd5 3. Nc3 Qd8 4. d4 Nf6 5. Nf3 Bg4 6. Be2 e6 7. h3 Bh5 8. g4 Bg6 9. g5 Ne4 10. Nxe4 Bxe4 11. Be3 Bb4+ 12. c3 Be7 13. Qb3 Nd7 14. Rg1 a5 15. a4 c6 16. h4 Qb6 17. Qxb6 Nxb6 18. Bf4 Nd5 19. Be5 f6 20. gxf6 gxf6 21. Bg3 Kd7 22. Kd2 Rhg8 23. Ne1 Rg7 24. f3 Bf5 25. Nd3 Rag8 26. Bf2 Bd6 27. Rxg7+ Rxg7 28. Rg1 Rxg1 29. Bxg1 Ke7 30. c4 Nf4 31. Nxf4 Bxf4+ 32. Be3 Bg3 33. h5 e5 34. Bd3 Bxd3 35. Kxd3 exd4 36. Bxd4 Ke6 37. Ke4 f5+ 38. Ke3 Bh2 39. Kd3 Be5 40. b3 Bc7 41. Ke3 Bd6 42. Bb6 Bb4 43. Kf4 Bd2+ 44. Be3 Bxe3+ 45. Kxe3 b6 46. f4 Kf7 47. Kd4 Kf6 48. Ke3 Ke7 49. Kd3 Kd7 50. Ke3 Kc7 51. Kd3 Kd6 52. Kd4 Ke6 53. Ke3 1/2-1/2